West African scenes being descriptions of Fernando Po (Record no. 163852)

MARC details
000 -LEADER
campo de control de longitud fija 00856nam a22002175i 4500
001 - NÚMERO DE CONTROL
campo de control 163852
003 - IDENTIFICADOR DE NÚMERO DE CONTROL
campo de control ES-MaACL
005 - FECHA Y HORA DE LA ÚLTIMA TRANSACCIÓN
campo de control 20260209170119.0
008 - DATOS DE LONGITUD FIJA--INFORMACIÓN GENERAL
campo de control de longitud fija 050720s1874 xxkaf | |||||||| ||spa d
040 ## - FUENTE DE CATALOGACIÓN
Centro catalogador/agencia de origen CAM
Lengua de catalogación spa
Centro/agencia transcriptor CAM
100 1# - ENTRADA PRINCIPAL--NOMBRE DE PERSONA
Nombre de persona Roe, Henry.
9 (RLIN) 131980
245 10 - MENCIÓN DEL TÍTULO
Título West African scenes being descriptions of Fernando Po
Resto del título : its climate, productions and tribes, the cause and cure of sickness ... /
Mención de responsabilidad, etc. by Henry Roe.
260 ## - PUBLICACIÓN, DISTRIBUCIÓN, ETC.
Lugar de publicación, distribución, etc. London :
Nombre del editor, distribuidor, etc. Elliot Stock,
Fecha de publicación, distribución, etc. 1874.
300 ## - DESCRIPCIÓN FÍSICA
Extensión VI, 215 p., [7] h. de lám. ;
Dimensiones 17 cm.
651 #7 - PUNTO DE ACCESO ADICIONAL DE MATERIA--NOMBRE GEOGRÁFICO
Nombre geográfico África-
Subdivisión general Usos y costumbres
Fuente del encabezamiento o término
9 (RLIN) 137015
651 04 - PUNTO DE ACCESO ADICIONAL DE MATERIA--NOMBRE GEOGRÁFICO
Nombre geográfico África-
Subdivisión general Descripción
9 (RLIN) 7593
700 1# - ENTRADA AGREGADA--NOMBRE PERSONAL
Nombre de persona Stock, Elliot,
Término indicativo de función/relación
9 (RLIN) 132911
752 ## - ENTRADA AGREGADA--NOMBRE JERÁRQUICO DEL LUGAR
País o entidad superior Gran Bretaña -
Ciudad Londres
852 ## - LOCALIZACIÓN
Ubicación ES-MaACL
Número de control de estantería D-2208
Nota libre -- Enc. ed. en tela roja con hierros dorados
-- -- Legado de Modesto de La Fuente
Holdings
Estatus retirado Estado de pérdida Estado de daño No para préstamo Colección Biblioteca de origen Biblioteca actual Ubicación en estantería Fecha de adquisición Fuente de adquisición Total de préstamos Signatura topográfica completa Código de barras Visto por última vez Precio de reemplazo Tipo de ítem Koha
        Libros del s. XIX Biblioteca del Ateneo de Madrid Biblioteca del Ateneo de Madrid Sala Valle Inclán 17/01/2008     D-2208 901171720 23/02/2023 23/02/2023 Libro impreso antiguo